| 000 | 00612nam a2200241Ia 4500 | ||
|---|---|---|---|
| 003 | OSt | ||
| 005 | 20230413122121.0 | ||
| 008 | 210423s2006 xx 000 0 und d | ||
| 020 | _a8130902559 | ||
| 040 | _cAL | ||
| 041 | _aeng | ||
| 082 |
_a330 _bAGEP _223 |
||
| 100 |
_aAGENOR (Pierre-Richard) _987911 |
||
| 245 | _aEconomics of adjustment and growth | ||
| 250 | _a2 | ||
| 260 |
_aNew Delhi _bW H Freeman & Co. _c2006 |
||
| 300 |
_axvii,765 _bHB |
||
| 365 |
_b1695 _cINR |
||
| 650 |
_aEconomics _987912 |
||
| 650 |
_aEconomics _987912 |
||
| 906 | _aadjustment ; Economics ; growth | ||
| 942 |
_2ddc _cBK |
||
| 999 |
_c157410 _d157410 |
||